'F' Cartoon Characters by Picture Quiz Stats

 Plays Quiz Updated Aug 17, 2016

Score 0/20 Timer 06:00
2 Plays Today
Column Character % Correct
Fiona
94.4%
Flash
91.3%
Fred Jones
90.5%
Frosty the Snowman
86%
Fairy Godmother
83%
Ferb Fletcher
76.6%
Flounder
75.3%
Flower
61.8%
Frozone
60.6%
Foghorn Leghorn
59.9%
Column Character % Correct
Franklin
58%
Flik
56.2%
Finn the Human
52%
Francine Frensky
44.9%
Fievel Mousekewitz
41.6%
Flit
40.2%
Figaro
33.5%
Farfetch'd
31.6%
Frieza
22.6%
Freakazoid
21.7%

You're not logged in!

Compare scores with friends on all Sporcle quizzes.
OR
Log In

Show Comments

Extras

Top Quizzes Today


Score Distribution

Your Account Isn't Verified!

In order to create a playlist on Sporcle, you need to verify the email address you used during registration. Go to your Sporcle Settings to finish the process.

Report this User

Report this user for behavior that violates our Community Guidelines.

Details: